000 01509nam a2200373 a 4500
001 ebr10256526
003 CaPaEBR
006 m u
007 cr cn|||||||||
008 080414s2008 gw a sb 001 0 eng
010 _z 2008017060
020 _z9783110195910 (hardcover : alk. paper)
020 _z3110195917 (hardcover : alk. paper)
020 _z9783110196214 (pbk. : alk. paper)
020 _z3110196212 (pbk. : alk. paper)
040 _aCaPaEBR
_cCaPaEBR
035 _a(OCoLC)503443411
050 1 4 _aP119.315
_b.M37 2008eb
082 0 4 _a306.44
_222
245 0 0 _aMapping linguistic diversity in multicultural contexts
_h[electronic resource] /
_cedited by Monica Barni, Guus Extra.
260 _aBerlin ;
_aNew York :
_bMouton de Gruyter,
_cc2008.
300 _ax, 348 p. :
_bill.
490 1 _aContributions to the sociology of language ;
_v94
504 _aIncludes bibliographical references and indexes.
533 _aElectronic reproduction.
_bPalo Alto, Calif. :
_cebrary,
_d2013.
_nAvailable via World Wide Web.
_nAccess may be limited to ebrary affiliated libraries.
650 0 _aLinguistic minorities.
650 0 _aCultural pluralism.
655 7 _aElectronic books.
_2local
700 1 _aBarni, Monica.
700 1 _aExtra, Guus.
710 2 _aebrary, Inc.
830 0 _aContributions to the sociology of language ;
_v94.
856 4 0 _uhttp://site.ebrary.com/lib/rucke/Doc?id=10256526
_zAn electronic book accessible through the World Wide Web; click to view
999 _c31100
_d31100